Material Bibliográfico y Documental Sobre Productividad /

Gespeichert in:
Bibliographische Detailangaben
Körperschaft: México. Secretaría del Trabajo y Previsión Social
Format: Buch
Sprache:Spanisch
Veröffentlicht: México : Secretaría del Trabajo y Previsión Social, 1985
Schlagworte:
Tags: Tag hinzufügen
Keine Tags, Fügen Sie das erste Tag hinzu!

MARC

LEADER 00000nam^a2200000^a^4500
001 000012687
005 20250521000000.0
009 20260310083832.304
037 |a Acervo ITESO - Biblioteca 
041 |a ESP 
082 |a 338. 06  |b SEC 
110 |a México.  |b Secretaría del Trabajo y Previsión Social 
245 1 0 |a Material Bibliográfico y Documental Sobre Productividad /  |c STPS. 
264 1 |a México :  |b Secretaría del Trabajo y Previsión Social,  |c 1985 
300 |a 307 p. 
336 |a texto  |b txt  |2 rdacontenido 
337 |a sin mediación  |b n  |2 rdamedio 
338 |a volumen  |b nc  |2 rdasoporte 
649 |a XX 
650 |a Productividad 
910 |a Fondo General 
920 |a Impresos - Libros 
930 |a Colección General 
905 |a 101 
901 |a 0126870100  |b IT1  |c ACC  |i 012687  |u 20250521 
902 |a https://opac.biblio.iteso.mx/vufind/Record/000012687